[Event "Jinan Torch Cup"]
[Site "Wuxi"]
[Date "2005.05.09"]
[Round "8"]
[White "Zhou Jianchao"]
[Black "Ye Rongguang"]
[Result "1/2-1/2"]
[WhiteElo "2473"]
[BlackElo "2472"]
[PlyCount "76"]
[EventDate "2005.05.08"]
[EventType "team"]
[EventRounds "13"]
[EventCountry "CHN"]
[Source "ChessBase"]
[SourceDate "2005.07.11"]

1. d4 d5 2. c4 Nc6 3. Nf3 Bg4 4. Nc3 e6 5. Bg5 Be7 6. cxd5 exd5 7. Bxe7 Ngxe7
8. e3 O-O 9. Be2 Nc8 10. h3 Bxf3 11. Bxf3 Nb6 12. O-O Ne7 13. b4 a5 14. b5 a4
15. Rb1 a3 16. Rb3 f5 17. Qd3 Qd6 18. Ne2 Kh8 19. Rc1 Ra4 20. Rcc3 Nc4 21. h4
c6 22. Qc2 Rb4 23. bxc6 bxc6 24. Nf4 Ng6 25. Nxg6+ hxg6 26. Be2 Rfb8 27. Rxb4
Qxb4 28. Bxc4 dxc4 29. g3 Qa5 30. Qc1 Rb1 31. Qxb1 Qxc3 32. Qb7 Qd3 33. Qxc6 c3
34. h5 gxh5 35. Qe8+ Kh7 36. Qxh5+ Kg8 37. Qe8+ Kh7 38. Qh5+ Kg8 1/2-1/2

[Event "Minneapolis HB Global op"]
[Site "Minneapolis"]
[Date "2005.05.19"]
[Round "3"]
[White "Milov, Vadim"]
[Black "De Firmian, Nick E"]
[Result "1/2-1/2"]
[WhiteElo "2653"]
[BlackElo "2549"]
[PlyCount "87"]
[EventDate "2005.05.18"]
[EventType "swiss"]
[EventRounds "9"]
[EventCountry "USA"]
[Source "ChessBase"]
[SourceDate "2005.05.28"]

1. d4 d5 2. c4 Nc6 3. Nf3 Bg4 4. Nc3 Bxf3 5. exf3 e6 6. Be3 Nf6 7. Rc1 a6 8. a3
Be7 9. Be2 O-O 10. O-O Qd7 11. c5 Rfe8 12. b4 Bf8 13. f4 g6 14. Bd3 Bg7 15. Qf3
h5 16. h3 Nh7 17. Ne2 f5 18. Qg3 Kf7 19. Rfd1 Nf6 20. f3 Rh8 21. h4 Rhb8 22.
Kh2 Ng8 23. Qf2 Nge7 24. Ng1 b5 25. cxb6 cxb6 26. Nh3 a5 27. b5 Nd8 28. Qe1 Rc8
29. Bf1 Rxc1 30. Rxc1 Rc8 31. Nf2 Rxc1 32. Qxc1 Qc8 33. Qd2 Nb7 34. Nd3 Nd6 35.
Ne5+ Ke8 36. Bf2 Nc4 37. Nxc4 dxc4 38. Qa2 c3 39. Bc4 c2 40. Qxc2 Nd5 41. g3
Qc7 42. a4 Kd7 43. Qe2 Qd6 44. Qd3 1/2-1/2

[Event "Politiken Cup"]
[Site "Copenhagen"]
[Date "2005.07.24"]
[Round "10"]
[White "Sakaev, Konstantin"]
[Black "De Firmian, Nick E"]
[Result "1/2-1/2"]
[WhiteElo "2669"]
[BlackElo "2555"]
[PlyCount "41"]
[EventDate "2005.07.16"]
[EventType "swiss"]
[EventRounds "10"]
[EventCountry "DEN"]
[Source "ChessBase"]
[SourceDate "2005.09.02"]

1. d4 d5 2. Nf3 Nc6 3. c4 Bg4 4. cxd5 Bxf3 5. gxf3 Qxd5 6. e3 e5 7. Nc3 Bb4 8.
Bd2 Bxc3 9. bxc3 Qd6 10. Rb1 b6 11. f4 exf4 12. e4 Nge7 13. Qf3 Qa3 14. Qxf4
Qxa2 15. Rd1 Qe6 16. Be2 Ng6 17. Qf3 Na5 18. h4 h5 19. Bg5 c6 20. Rg1 Rc8 21.
Kf1 1/2-1/2

[Event "Dov Porath memorial"]
[Site "Givatayim"]
[Date "2005.10.23"]
[Round "4"]
[White "Golod, Vitali"]
[Black "Zoler, Dan"]
[Result "0-1"]
[WhiteElo "2578"]
[BlackElo "2481"]
[PlyCount "50"]
[EventDate "2005.10.23"]
[EventType "swiss (rapid)"]
[EventRounds "9"]
[EventCountry "ISR"]
[Source "ChessBase"]
[SourceDate "2006.01.31"]

1. d4 Nc6 2. Nf3 d5 3. c4 Bg4 4. cxd5 Bxf3 5. gxf3 Qxd5 6. e3 e5 7. Nc3 Bb4 8.
Bd2 Bxc3 9. bxc3 exd4 10. cxd4 Nf6 11. Bg2 O-O 12. O-O Rad8 13. Qc2 Rfe8 14.
Rab1 Rd6 15. Rfc1 Qh5 16. Qa4 Qg5 17. Rc5 Qh4 18. Rxb7 Rxd4 19. exd4 Re2 20.
Be3 Re1+ 21. Bf1 Qh3 22. Qa6 h6 23. Rxc7 Ng4 24. Qc8+ Nd8 25. Qxd8+ Kh7 0-1

[Event "FIDE World Cup"]
[Site "Khanty Mansiysk"]
[Date "2005.11.28"]
[Round "1.2"]
[White "Kuzubov, Yuriy"]
[Black "Moiseenko, Alexander"]
[Result "0-1"]
[WhiteElo "2541"]
[BlackElo "2663"]
[PlyCount "52"]
[EventDate "2005.11.27"]
[EventType "k.o."]
[EventRounds "7"]
[EventCountry "RUS"]
[Source "ChessBase"]
[SourceDate "2006.04.04"]

1. d4 d5 2. c4 Nc6 3. Nf3 Bg4 4. cxd5 Bxf3 5. gxf3 Qxd5 6. e3 e5 7. Nc3 Bb4 8.
Bd2 Bxc3 9. bxc3 Qd6 10. Rg1 g6 11. Qb3 Nge7 12. O-O-O O-O-O 13. f4 f6 14. Kb1
Kb8 15. Ka1 Nc8 16. Bc1 Nb6 17. Ba3 Na5 18. Qb2 Qe6 19. Qb5 Nac4 20. Bc5 Nd6
21. Bxd6 cxd6 22. fxe5 fxe5 23. Be2 Rhf8 24. c4 exd4 25. Rxd4 Rxf2 26. c5 Qxe3
0-1

[Event "EU-ch 7th"]
[Site "Kusadasi"]
[Date "2006.04.14"]
[Round "10"]
[White "Gagunashvili, Merab"]
[Black "Moiseenko, Alexander"]
[Result "1-0"]
[WhiteElo "2542"]
[BlackElo "2657"]
[PlyCount "57"]
[EventDate "2006.04.04"]
[EventType "swiss"]
[EventRounds "11"]
[EventCountry "TUR"]
[Source "ChessBase"]
[SourceDate "2006.05.09"]

1. d4 d5 2. c4 Nc6 3. Nf3 Bg4 4. Nc3 e6 5. cxd5 exd5 6. Bf4 Bxf3 7. gxf3 Bd6 8.
Bg3 Nge7 9. e3 Qd7 10. a3 f5 11. Nb5 Bxg3 12. hxg3 Nd8 13. Nc3 Nf7 14. Ne2 b6
15. Rc1 g5 16. f4 g4 17. Rh5 O-O-O 18. Rc2 Ng8 19. Qd3 Nd6 20. Nc1 Nf6 21. Qa6+
Kb8 22. Rh6 Qg7 23. Nd3 Nc4 24. Nc5 bxc5 25. Rxf6 Nd6 26. dxc5 Qxf6 27. Rc3
Qxc3+ 28. bxc3 Ne4 29. Qc6 1-0

[Event "SCG-ch 2nd"]
[Site "Pancevo"]
[Date "2006.03.01"]
[Round "3"]
[White "Tadic, Branko"]
[Black "Miladinovic, Igor"]
[Result "1/2-1/2"]
[WhiteElo "2491"]
[BlackElo "2607"]
[PlyCount "113"]
[EventDate "2006.02.27"]
[EventType "tourn"]
[EventRounds "13"]
[EventCountry "YUG"]
[EventCategory "11"]
[Source "ChessBase"]
[SourceDate "2006.06.07"]

1. d4 d5 2. c4 Nc6 3. Nf3 Bg4 4. Ne5 Nxe5 5. dxe5 d4 6. Qb3 Bc8 7. Nd2 e6 8.
Nf3 c5 9. Qb5+ Bd7 10. Qxb7 Ne7 11. Qe4 Bc6 12. Qc2 Ng6 13. e4 f6 14. exf6 gxf6
15. Bd3 e5 16. Qe2 Qd7 17. h4 h5 18. Ng1 Rb8 19. Qf3 Qf7 20. Ne2 Bd7 21. Rb1
Ne7 22. Bd2 Rg8 23. Bc2 Rg4 24. Ng3 Bc6 25. Qa3 Qg6 26. O-O Rxh4 27. Bd1 Rg4
28. Bxg4 Qxg4 29. Qf3 Qxf3 30. gxf3 h4 31. Ne2 f5 32. Ba5 fxe4 33. fxe4 Bxe4
34. Rbe1 Bd3 35. b3 Kd7 36. Kh1 Nc6 37. Bd2 Bd6 38. Rg1 Be4+ 39. Kh2 Rf8 40.
Nf4 Bf3 41. Rg7+ Ne7 42. Ng6 Rf5 43. b4 e4+ 44. Kh3 cxb4 45. Nxe7 Bxe7 46. Bxb4
Re5 47. Rb1 e3 48. Bxe7 Rxe7 49. Rxe7+ Kxe7 50. fxe3 d3 51. Rb2 Kd6 52. Kxh4
Kc5 53. Kg3 Bc6 54. Kf2 Kxc4 55. Rb3 d2 56. Ke2 Ba4 57. Kxd2 1/2-1/2

[Event "SCG-ch 2nd"]
[Site "Pancevo"]
[Date "2006.03.06"]
[Round "8"]
[White "Lajthajm, Borko"]
[Black "Miladinovic, Igor"]
[Result "1/2-1/2"]
[WhiteElo "2464"]
[BlackElo "2607"]
[PlyCount "90"]
[EventDate "2006.02.27"]
[EventType "tourn"]
[EventRounds "13"]
[EventCountry "YUG"]
[EventCategory "11"]
[Source "ChessBase"]
[SourceDate "2006.06.07"]

1. d4 d5 2. c4 Nc6 3. Nf3 Bg4 4. Nc3 e6 5. Bg5 Be7 6. Bxe7 Ngxe7 7. e3 O-O 8.
Rc1 e5 9. dxe5 d4 10. exd4 Bxf3 11. Qxf3 Qxd4 12. Be2 Qxe5 13. Qg3 Nf5 14. Qxe5
Nxe5 15. f4 Ng6 16. g3 Rad8 17. Rd1 Nd4 18. Kf2 c5 19. Bf3 Ne7 20. Rhe1 Nef5
21. Bg2 b6 22. b3 Rfe8 23. Be4 Nd6 24. Bd5 Rxe1 25. Rxe1 Kf8 26. Ne2 Nxe2 27.
Rxe2 Nf5 28. Be4 Nd4 29. Rb2 Ke7 30. a3 Rc8 31. Bd3 Kd6 32. Bf1 h6 33. b4 g5
34. b5 gxf4 35. gxf4 Rg8 36. a4 h5 37. a5 Ke6 38. Bh3+ Kf6 39. axb6 axb6 40.
Ra2 Re8 41. Ra6 Re2+ 42. Kg3 Nf5+ 43. Bxf5 Kxf5 44. Rxb6 Re3+ 45. Kh4 Re4
1/2-1/2

[Event "Budapest FS08 GM"]
[Site "Budapest"]
[Date "2006.08.08"]
[Round "4"]
[White "Braun, Arik"]
[Black "Rodshtein, Maxim"]
[Result "1-0"]
[WhiteElo "2526"]
[BlackElo "2494"]
[PlyCount "89"]
[EventDate "2006.08.05"]
[EventType "tourn"]
[EventRounds "13"]
[EventCountry "HUN"]
[EventCategory "8"]
[Source "ChessBase"]
[SourceDate "2006.09.14"]

1. d4 d5 2. c4 Nc6 3. Nf3 Bg4 4. Qa4 dxc4 5. e3 Bxf3 6. gxf3 e5 7. dxe5 Qd5 8.
Nc3 Qxf3 9. Rg1 Qh5 10. Bg2 Nge7 11. f4 O-O-O 12. Qxc4 g5 13. Qe2 Qh4+ 14. Qf2
Qh6 15. Bd2 Nb4 16. Be4 gxf4 17. exf4 Nec6 18. Rg3 Qe6 19. a3 f5 20. Bb1 Na6
21. Be3 Be7 22. Rh3 Qg6 23. Ba2 Nc5 24. Kf1 Nd3 25. Qe2 Bc5 26. Rg3 Qh6 27. Nd5
Bxe3 28. Qxe3 Qxh2 29. Qxd3 Rhg8 30. Rxg8 Rxg8 31. Ne7+ Nxe7 32. Be6+ Kb8 33.
Bxg8 Qh1+ 34. Kf2 Qh2+ 35. Kf3 Qh3+ 36. Ke2 Qg2+ 37. Kd1 Qxg8 38. Kc2 Nd5 39.
Rd1 c6 40. Kb1 b6 41. Re1 Qe6 42. Rg1 Nxf4 43. Qd8+ Kb7 44. Rg7+ Ka6 45. Qd4
1-0

[Event "Budapest FS08 GM"]
[Site "Budapest"]
[Date "2006.08.15"]
[Round "11"]
[White "Le Quang, Liem"]
[Black "Rodshtein, Maxim"]
[Result "1/2-1/2"]
[WhiteElo "2488"]
[BlackElo "2494"]
[PlyCount "112"]
[EventDate "2006.08.05"]
[EventType "tourn"]
[EventRounds "13"]
[EventCountry "HUN"]
[EventCategory "8"]
[Source "ChessBase"]
[SourceDate "2006.09.14"]

1. d4 d5 2. Nf3 Nc6 3. c4 Bg4 4. cxd5 Bxf3 5. gxf3 Qxd5 6. e3 e5 7. Nc3 Bb4 8.
Bd2 Bxc3 9. bxc3 Qd6 10. Rb1 b6 11. Rg1 g6 12. f4 exf4 13. e4 Nge7 14. Qf3 Qa3
15. Qxf4 Qxa2 16. Rd1 O-O-O 17. d5 Na5 18. Qxf7 Rhe8 19. Be2 Nec6 20. Qxh7 Ne5
21. Bg5 Rh8 22. Qg7 Rde8 23. d6 Nd7 24. Ba6+ Nb7 25. Bxb7+ Kxb7 26. Qxd7 Rxe4+
27. Be3 Rc8 28. Rxg6 Rxe3+ 29. fxe3 Rf8 30. Qxc7+ Ka6 31. Rg2 Qxg2 32. Qc4+ Kb7
33. Qd5+ Qxd5 34. Rxd5 Kc6 35. Rd4 Kd7 36. Ke2 a5 37. h4 Rf5 38. Kd3 Rh5 39. c4
Rh8 40. Kc3 Rh5 41. Kb3 Re5 42. e4 Rh5 43. Ka4 Rc5 44. Kb3 Rh5 45. Rd5 Rxh4 46.
e5 Re4 47. Ka3 Rxc4 48. e6+ Kxe6 49. d7 Kxd5 50. d8=Q+ Kc6 51. Qe8+ Kb7 52. Kb3
Rc5 53. Qe7+ Kb8 54. Ka4 Ka8 55. Qd8+ Kb7 56. Qd7+ Kb8 1/2-1/2

[Event "EU-Cup 22nd"]
[Site "Feugen"]
[Date "2006.10.12"]
[Round "5"]
[White "Delchev, Aleksander"]
[Black "Fercec, Nenad"]
[Result "1/2-1/2"]
[WhiteElo "2628"]
[BlackElo "2504"]
[PlyCount "58"]
[EventDate "2006.10.08"]
[EventType "team"]
[EventRounds "7"]
[EventCountry "AUT"]
[Source "ChessBase"]
[SourceDate "2006.11.01"]

1. d4 d5 2. Nf3 Nc6 3. c4 Bg4 4. Nc3 e6 5. cxd5 exd5 6. Bf4 Bxf3 7. gxf3 Bd6 8.
Bg3 Nf6 9. e3 O-O 10. Rc1 Kh8 11. a3 a6 12. Bh4 Be7 13. f4 Na5 14. Qf3 Nb3 15.
Rd1 c6 16. Bd3 b5 17. O-O Re8 18. Kh1 Ne4 19. Nxe4 Bxh4 20. Ng5 Bxg5 21. fxg5
Qxg5 22. Rg1 Qe7 23. Bxh7 Kxh7 24. Qh5+ Kg8 25. Rxg7+ Kxg7 26. Rg1+ Kf6 27.
Qh6+ Kf5 28. Qh3+ Kf6 29. Qh6+ Kf5 1/2-1/2

[Event "Premier"]
[Site "Hastings ENG"]
[Date "2007.12.31"]
[Round "4"]
[White "Hebden, M."]
[Black "Williams, Si1"]
[Result "1-0"]
[WhiteElo "2542"]
[BlackElo "2475"]
[PlyCount "43"]
[EventDate "2007.12.28"]
[SourceDate "1999.07.01"]

1. d4 d5 2. Nf3 Nc6 3. c4 e5 4. Nxe5 Nxe5 5. dxe5 d4 6. g3 Ne7 7. Bg2 Nc6 8.
O-O Nxe5 9. e3 d3 10. f4 Ng4 11. Nc3 c6 12. h3 Nf6 13. g4 g6 14. Rf2 Be6 15. b3
h5 16. g5 Nd7 17. Ne4 Bg7 18. Bb2 Bxb2 19. Rxb2 f5 20. Nf2 Nc5 21. b4 Na6 22.
Qxd3 1-0

[Event "22nd GP Open A"]
[Site "Le Touquet FRA"]
[Date "2007.10.31"]
[Round "6"]
[White "Ikonnikov, Vy"]
[Black "Le Roux, JP."]
[Result "1-0"]
[WhiteElo "2555"]
[BlackElo "2477"]
[PlyCount "41"]
[EventDate "2007.10.27"]
[SourceDate "1999.07.01"]

1. d4 d5 2. Nf3 Nc6 3. c4 Bg4 4. Nc3 e6 5. Bf4 Nge7 6. e3 Ng6 7. cxd5 exd5 8.
Bg3 Bd6 9. Qb3 O-O 10. Bxd6 Qxd6 11. Qxd5 Qe7 12. Qc5 Qxc5 13. dxc5 Rad8 14.
Be2 Bxf3 15. Bxf3 Nb4 16. Ke2 Ne5 17. Rhd1 Nbd3 18. Bxb7 Nxc5 19. Be4 Rb8 20.
b3 Rb4 21. Bc2 1-0

[Event "Bundesliga 2006-7"]
[Site "Tegernsee GER"]
[Date "2007.02.25"]
[Round "11"]
[White "Bu Xiangzhi"]
[Black "Rabiega, R."]
[Result "1-0"]
[WhiteElo "2644"]
[BlackElo "2529"]
[PlyCount "45"]
[EventDate "2007.01.28"]
[SourceDate "1999.07.01"]

1. d4 d5 2. c4 Nc6 3. Nf3 Bg4 4. Nc3 Bxf3 5. exf3 e6 6. cxd5 exd5 7. Bb5 a6 8.
Qe2+ Kd7 9. Bxc6+ bxc6 10. O-O Bd6 11. Be3 Qh4 12. g3 Qh3 13. Rfe1 h5 14. Na4
h4 15. Bf4 hxg3 16. fxg3 Rb8 17. Rac1 g5 18. Qc2 Ne7 19. Bxg5 Nf5 20. Qxc6+ Kc8
21. Qxa6+ Kd7 22. Qc6+ Kc8 23. Re8+ 1-0

[Event "17th Open"]
[Site "Kavala GRE"]
[Date "2008.08.06"]
[Round "8"]
[White "David, Alb"]
[Black "Georgiev, Ki"]
[Result "1/2-1/2"]
[WhiteElo "2568"]
[BlackElo "2671"]
[PlyCount "87"]
[EventDate "2008.07.31"]
[SourceDate "1999.07.01"]

1. d4 d5 2. c4 Nc6 3. Nf3 Bg4 4. Nc3 e6 5. cxd5 exd5 6. Bf4 Bd6 7. Nxd5 Bxf4 8.
Nxf4 Bxf3 9. gxf3 Qxd4 10. Qxd4 Nxd4 11. O-O-O Rd8 12. e3 Nf5 13. Rxd8+ Kxd8
14. Bh3 Nge7 15. Rd1+ Nd6 16. e4 Nc6 17. Nh5 g6 18. Nf6 g5 19. b3 h5 20. f4
gxf4 21. f3 Rh6 22. Nd7 Ke7 23. e5 Nb5 24. Nf6 Rg6 25. Nd5+ Kf8 26. Nxf4 Rg5
27. e6 Nbd4 28. exf7 Kxf7 29. Kb2 a5 30. Bc8 b6 31. Bd7 Rc5 32. h4 Kf6 33. Bxc6
Nxc6 34. Rc1 Rxc1 35. Kxc1 Kf5 36. Nxh5 Ne5 37. Ng7+ Kg6 38. Ne6 c6 39. Nd4 c5
40. Nb5 Nxf3 41. Nc3 Nxh4 42. Na4 b5 43. Nxc5 Kf6 44. a4 1/2-1/2

[Event "22th Open"]
[Site "Pula CRO"]
[Date "2008.06.25"]
[Round "6"]
[White "Saric, Ib"]
[Black "Fercec, N."]
[Result "1/2-1/2"]
[WhiteElo "2548"]
[BlackElo "2492"]
[PlyCount "31"]
[EventDate "2008.06.21"]
[SourceDate "1999.07.01"]

1. d4 d5 2. Nf3 Nc6 3. c4 Bg4 4. Nc3 e6 5. cxd5 exd5 6. Bf4 Bxf3 7. gxf3 Bd6 8.
Qd2 Nge7 9. O-O-O Qd7 10. Bxd6 Qxd6 11. e4 O-O-O 12. Bh3+ Kb8 13. e5 Qb4 14. f4
f5 15. Rhg1 g6 16. Kb1 1/2-1/2

[Event "20th Bunratty Classic"]
[Site "Bunratty IRL"]
[Date "2013.02.28"]
[Round "2.1"]
[White "Hebden, M."]
[Black "Rombaldoni, D."]
[Result "1-0"]
[WhiteElo "2518"]
[BlackElo "2510"]
[PlyCount "77"]
[EventDate "2013.02.27"]
[SourceDate "1999.07.01"]

1. d4 d5 2. Nf3 Nc6 3. c4 Bg4 4. Nc3 e6 5. Bf4 Bd6 6. Bg3 Nf6 7. e3 O-O 8. cxd5
exd5 9. Bh4 Be7 10. Bd3 Re8 11. Bxf6 Bxf6 12. O-O Ne7 13. h3 Be6 14. b4 c6 15.
Rc1 a6 16. a4 b6 17. Qe2 a5 18. bxa5 Rxa5 19. Rc2 c5 20. Bb5 Rf8 21. Rd1 Bf5
22. Rcc1 Qa8 23. g4 Be4 24. dxc5 bxc5 25. Nxe4 dxe4 26. Nd2 Ng6 27. Qc4 Bd4 28.
exd4 Nf4 29. dxc5 Nxh3+ 30. Kf1 Qb8 31. Qxe4 Rxb5 32. axb5 Re8 33. Qf3 Qxb5+
34. Nc4 Ng5 35. Qd5 Nh3 36. Rb1 Qa4 37. Ra1 Qc2 38. Rd2 Qc3 39. Ra8 1-0